Finalidades de la educación en una sociedad democrática: alternativas para un sistema escolar democrático

Guardat en:
Dades bibliogràfiques
Autors principals: Domínguez, José (Autor), Feito Alonso, Rafael (Autor)
Format: Llibre
Idioma:espanyol
Publicat: Barcelona Octaedro 2007
Edició:1a. ed
Col·lecció:Colección Recursos, 76. La Escuela del Nuevo Siglo, 6
Matèries:
Etiquetes: Afegir etiqueta
Sense etiquetes, Sigues el primer a etiquetar aquest registre!

MARC

LEADER 00000nam a2200000 a 4500
001 UCI9663
003 CL-VaPUC
008 081128e20070000SP |||||||||||||||||spa|d
020 |a 9788480638661 
082 0 4 |a 370.115  |b DOM  |2 21 
100 0 |a Domínguez, José  |e author  |9 533537 
700 0 |a Feito Alonso, Rafael  |e author  |9 533538 
245 1 0 |a Finalidades de la educación en una sociedad democrática: alternativas para un sistema escolar democrático 
250 |a 1a. ed 
300 |a 156 p 
942 |c BK 
945 |d 20081128 00:00:00  |a jtorresc 
260 |a Barcelona  |b Octaedro  |c 2007 
650 0 |a Educación y democracia  |9 466060 
650 7 |a EDUCACION SOCIAL  |2 CL-VaPUC  |9 330279 
650 0 |a Educación básica   |9 224933 
650 7 |a EDUCACION SIGLO 21  |2 CL-VaPUC  |9 339410 
650 0 |a Currículo  |9 307290 
583 |a last modification  |c 20081128 00:00:00  |k Rodrigo Vera 
490 0 |a Colección Recursos, 76. La Escuela del Nuevo Siglo, 6 
999 |c 332157  |d 332155 
952 |0 0  |1 0  |4 0  |6 370_115000000000000_DOM_2007  |7 0  |8 A  |9 419588  |a BIBEDU  |b BIBEDU  |d 2019-11-22  |i 4501845  |o 370.115 DOM 2007  |p 4501845  |r 2022-07-29  |w 2019-11-22  |y BK  |k EBA